Chế tạo vật liệu hấp phụ từ than bùn, ứng dụng hấp phụ các chất hữu cơ và dinh dưỡng trong môi trường nước Luận văn thạc sĩ Khoa học giáo dục. Chuyên ngành: Hóa lý thuyết và Hóa lý . Mã số: 8.44.01.19

Đã lưu trong:
Sonraí Bibleagrafaíochta
Príomhúdar: Lê, Thị Ngọc Oanh
Údair Eile: Hồ, SỹThắng (Hướng dẫn)
Formáid: Trealamh Leabhar
Teanga:Vietnamese
Foilsithe: Đồng Tháp Đại học Đồng Tháp 2018
Ábhair:
Clibeanna: Cuir Clib Leis
Gan Chlibeanna, Bí ar an gcéad duine leis an taifead seo a chlibeáil!
Thư viện lưu trữ: Trung tâm Học liệu Lê Vũ Hùng, Trường Đại học Đồng Tháp
LEADER 01218ppm a22002538a 4500
001 00042158
005 20180821080839.0
008 150324s2014 ||||||viesd
041 0 # |a vie 
082 1 4 |a 547  |b CH250T 
100 1 # |a Lê, Thị Ngọc Oanh 
245 0 0 |a Chế tạo vật liệu hấp phụ từ than bùn, ứng dụng hấp phụ các chất hữu cơ và dinh dưỡng trong môi trường nước  |b Luận văn thạc sĩ Khoa học giáo dục. Chuyên ngành: Hóa lý thuyết và Hóa lý . Mã số: 8.44.01.19  |c Lê Thị Ngọc Oanh ;Hồ Sỹ Thắng (hướng dẫn) 
260 # # |a Đồng Tháp  |b Đại học Đồng Tháp  |c 2018 
300 # # |c 30cm.  |a 69tr.  |e 1 bản tóm tắt 
500 # # |a ĐTTS ghi: Bộ giáo dục và đào tạo. Trường Đại học Đồng Tháp 
653 # # |a Hóa học 
653 # # |a nước 
653 # # |a chế tạo 
653 # # |a Than Bùn 
653 # # |a chất hữu cơ 
700 1 # |a Hồ, SỹThắng  |e Hướng dẫn 
852 # # |j LV.0001831 
910 |d 21/08/2018 
980 # # |a Trung tâm Học liệu Lê Vũ Hùng, Trường Đại học Đồng Tháp